The limitation act 1963 / (Record no. 94110)
[ view plain ]
| 000 -LEADER | |
|---|---|
| fixed length control field | 00590nam a22002057a 4500 |
| 005 - DATE AND TIME OF LATEST TRANSACTION | |
| control field | 20150605123912.0 |
| 010 ## - LCCN (DPL NO) | |
| LC control number | ENG-113234 |
| 020 ## - INTERNATIONAL STANDARD BOOK NUMBER | |
| International Standard Book Number | 9788171772353 |
| Terms of availability | 1450.00 |
| 035 ## - SYSTEM CONTROL NUMBER | |
| System control number | EN-96766 |
| 037 ## - SOURCE OF ACQUISITION | |
| Source of stock number/acquisition | DBAD/PUB |
| 082 ## - DEWEY DECIMAL CLASSIFICATION NUMBER | |
| Classification number | 347.052 |
| 100 ## - MAIN ENTRY--PERSONAL NAME | |
| Personal name | Mitra, B.B. |
| 245 ## - TITLE STATEMENT | |
| Title | The limitation act 1963 / |
| Statement of responsibility, etc | by B.B. Mitra |
| 250 ## - EDITION STATEMENT | |
| Edition statement | 22nd ed by M.R.Mallick |
| 260 ## - PUBLICATION, DISTRIBUTION, ETC. (IMPRINT) | |
| Place of publication, distribution, etc | Kolkatta |
| Name of publisher, distributor, etc | Eastern Law House |
| Date of publication, distribution, etc | 2011 |
| 270 ## - ADDRESS | |
| Address | 54, Ganesh Chunder Avenue, |
| City | Kolkatta |
| Postal code | 700013 |
| 300 ## - PHYSICAL DESCRIPTION | |
| Extent | 144,1748p. |
| Dimensions | 25cm(Hb) |
| 500 ## - GENERAL NOTE | |
| General note | Includes index |
| 942 ## - ADDED ENTRY ELEMENTS (KOHA) | |
| Source of classification or shelving scheme | Dewey Decimal Classification |
| Item type | English Books |
| Call number suffix | MIT |
| Classification part | 347.052 |
No items available.
